000 00540nam a22001697a 4500
005 20251108163349.0
008 250721s1985 xx 000 0 ara d
082 1 4 _a320.04/ناب
100 1 _aالنابلسي، شاكر
245 1 0 _aالنار تمشي على الأرض :
_bشهادات في الحياة العربية المعاصرة /
264 1 _aجدة :
_bالدار السعودية،
_c1985.
300 _a223ص
650 1 7 _aالعلوم السياسية
650 1 7 _aالمقالات
942 _2ddc
_cBK
999 _c805
_d805